| 000 | 00687nam a2200217 u 4500 | ||
|---|---|---|---|
| 005 | 20240831063734.0 | ||
| 008 | 100519s2004 es r 000 0 spa d | ||
| 020 | _a9788466736848 | ||
| 035 | _aUPN01000175960 | ||
| 049 | _aI | ||
| 050 | 4 |
_aPQ6703 A4.3 _bC5.3 |
|
| 100 | 1 |
_aCalderón, Emilio, _d1960- _931615 |
|
| 245 | 1 | 3 |
_aEl cielo encendido y otros misterios / _cEmilio Calderón ; il. Rafael Salmerón. |
| 260 |
_aMadrid : _bAnaya, _c2004. |
||
| 300 |
_a69 p. : _bil. col. |
||
| 440 | 3 |
_aEl duende verde ; _v137. _pA partir de 8 años |
|
| 650 | 4 |
_aCuentos infantiles españoles _97725 |
|
| 650 | 4 |
_aLibros y lectura para niños _92290 |
|
| 905 | _aInfantil | ||
| 999 |
_c148063 _d148063 |
||